000 00358nam a2200157Ia 4500
003 IT-RoPAU
008 120407s9999 xx 000 0 und d
040 _aIT-RoPAU
040 _cIT-RoPAU
245 _aIl Vangelo unificato e tradotto nei testi originali
245 _cAA.VV.
260 _aMissioni Venezia
300 _c cm
490 _v1
942 _cBK
999 _c8436
_d8436